01419nam a22003614a 4500001001200000003000800012006001900020007001500039008004100054010001700095020002100112020002200133040002100155035002000176050002300196082001700219100001800236245009400254260005200348300001700400490005500417504006400472533015200536650003100688650003500719650002300754650003500777655002900812710001700841830005600858856012600914999001701040ebr10021349CaPaEBRm u cr cn|||||||||020110s2002 nyu sb 001 0 eng  z 2002016588 z0521792843 (hc.) z052179708X (pbk.) aCaPaEBRcCaPaEBR a(OCoLC)5249776114aHV640b.R24 2002eb04a303.48/22211 aRae, Heather.10aState identities and the homogenisation of peoplesh[electronic resource] /cHeather Rae. aNew York :bCambridge University Press,cc2002. axiii, 351 p.1 aCambridge studies in international relations ;v84 aIncludes bibliographical references (p. 311-337) and index. aElectronic reproduction.bPalo Alto, Calif. :cebrary,d2013.nAvailable via World Wide Web.nAccess may be limited to ebrary affiliated libraries. 0aForced migrationxHistory. 0aPopulation transfersxHistory. 0aGenocidexHistory. 0aPolitical atrocitiesxHistory. 7aElectronic books.2local2 aebrary, Inc. 0aCambridge studies in international relations ;v84.40uhttp://site.ebrary.com/lib/rucke/Doc?id=10021349zAn electronic book accessible through the World Wide Web; click to view c26227d26227